NHL Teams Single Season Goal Scorers - Statistics

General Stats
  • This quiz has been taken 48 times
  • The average score is 25 of 32
Answer Stats
Team Player(s) Goals Season % Correct
Edmonton Oilers Wayne Gretzky 92 1981-82
100%
Washington Capitals Alex Ovechkin 65 2007-08
97%
Nashville Predators Filip Forsberg 48 2023-24
97%
Montreal Canadiens Steve Shutt / Guy Lafleur 60 1976-77 / 1977-78
97%
Anaheim Ducks Teemu Selänne 52 1997-98
97%
Toronto Maple Leafs Auston Matthews 69 2023-24
93%
Chicago Blackhawks Bobby Hull 58 1968-69
93%
Pittsburgh Penguins Mario Lemieux 85 1988-89
93%
Boston Bruins Phil Esposito 76 1970-71
93%
Tampa Bay Lightning Steven Stamkos 60 2011-12
93%
Detroit Red Wings Steve Yzerman 65 1988-89
93%
St. Louis Blues Brett Hull 86 1990-91
90%
Minnesota Wild Kirill Kaprizov 47 2021-22
90%
New York Islanders Mike Bossy 69 1978-79
90%
Utah Mammoth Clayton Keller 30 2024-25
86%
Columbus Blue Jackets Rick Nash/Cam Atkinson 41 2003-04/2018-19
86%
Vegas Golden Knights William Karlsson 43 2017-18
86%
Seattle Kraken Jared McCann 40 2022-23
83%
Florida Panthers Pavel Bure 58 2000-01
79%
Vancouver Canucks Pavel Bure 60 1993-94
79%
Winnipeg Jets Ilya Kovalchuk 52 2005-06
72%
New York Rangers Jaromir Jagr 54 2005-06
72%
San Jose Sharks Jonathan Cheechoo 56 2005-06
72%
Ottawa Senators Dany Heatley 50 2005-06 / 2006-07
69%
Calgary Flames Lanny McDonald 66 1982-83
66%
Buffalo Sabres Alexander Mogilny 76 1992-93
55%
Los Angeles Kings Bernie Nicholls 70 1988-89
55%
Colorado Avalanche Michel Goulet 57 1982-83
55%
Dallas Stars Dino Ciccarelli/Brian Bellows 55 1981-82/1989-90
52%
Philadelphia Flyers Reggie Leach 61 1975-76
45%
New Jersey Devils Brian Gionta 48 2005-06
34%
Carolina Hurricanes Blaine Stoughton 56 1979-80
24%
No matching quizzes found
Score Distribution
Percent of People with Each Score
Percentile by Number Answered
Your Score History
You have not taken this quiz